| 000 | 00000nam 2200000zi 4500 |
| 001 | 9.939758 |
| 003 | CaOODSP |
| 005 | 20240624160402 |
| 006 | m o d f |
| 007 | cr |n |||||||| |
| 008 | 240624s2024 onc ol f|0| 0 eng d |
| 040 | |aCaOODSP|beng|erda|cCaOODSP |
| 041 | |aeng|afre |
| 043 | |an-cn--- |
| 086 | 1 |aYX4-2024/12-PDF |
| 110 | 1 |aCanada.|eenacting jurisdiction. |
| 245 | 13|aAn Act to amend the Canada Labour Code and the Canada Industrial Relations Board Regulations, 2012 = |bLoi modifiant le Code canadien du travail et le Règlement de 2012 sur le Conseil canadien des relations industrielles. |
| 246 | 31|aLoi modifiant le Code canadien du travail et le Règlement de 2012 sur le Conseil canadien des relations industrielles |
| 264 | 1|a[Ottawa] : |b[House of Commons of Canada], |c2024. |
| 300 | |a1 online resource (ii, 9 pages) |
| 336 | |atext|btxt|2rdacontent |
| 337 | |acomputer|bc|2rdamedia |
| 338 | |aonline resource|bcr|2rdacarrier |
| 490 | 1 |aStatutes of Canada ..., chapter ... ; |vStatutes of Canada 2024, chapter 12, 1st Session, 44th Parliament |
| 500 | |a"First Session, Forty-fourth Parliament, 70-71 Elizabeth II - 1-2 Charles III, 2021-2022-2023-2024." |
| 500 | |a"Assented to June 20, 2024, Bill C-58." |
| 546 | |aText in English and in French. |
| 610 | 10|aCanada. |tCanada Labour Code. |
| 610 | 10|aCanada.|bCanada Industrial Relations Board. |
| 650 | 0|aStrikebreakers|xLegal status, laws, etc.|zCanada. |
| 650 | 0|aStrikes and lockouts|xLaw and legislation|zCanada. |
| 650 | 0|aLabor disputes|zCanada. |
| 655 | 7|aStatutes and codes|2lcgft |
| 710 | 1 |aCanada. |bParliament. |bHouse of Commons, |eissuing body. |
| 788 | |tAn Act to amend the Canada Labour Code and the Canada Industrial Relations Board Regulations, 2012 = |efre|w(CaOODSP)9.939762 |
| 830 | #0|aStatutes of Canada ..., chapter ...|vStatutes of Canada 2024, chapter 12, 1st Session, 44th Parliament.|w(CaOODSP)9.500677 |
| 856 | 40|qPDF|s238 KB|uhttps://publications.gc.ca/collections/collection_2024/lois-statutes/YX4-2024-12.pdf |
| 856 | 4 |qHTML|sN/A|uhttps://www.parl.ca/DocumentViewer/en/44-1/bill/C-58/royal-assent |